Концепции современного естествознания: физические, химические и биологические концепции: учебное пособие

Dades bibliogràfiques
Autor principal: Френкель Е. Н. Евгения Николаевна
Sumari:Учебное пособие содержит описание основных концепций современного естествознания, причем основной акцент сделан на описание физических, химических и биологических концепций. Особое внимание уделяется проблемам практического использования естественнонаучных знаний, а также влиянию физических и химических факторов на здоровье человека. Учебное пособие составлено на основе курса лекций, разработанных доцентом кафедры химии, заслуженным работником высшей школы Российской Федерации Френкель Евгенией Николаевной. Пособие предназначено для студентов вузов гуманитарного профиля.
Idioma:rus
Publicat: Ростов-на-Дону, Феникс, 2014
Col·lecció:Библиотека студента
Matèries:
Format: MixedMaterials Llibre
KOHA link:https://koha.lib.tpu.ru/cgi-bin/koha/opac-detail.pl?biblionumber=265915

MARC

LEADER 00000nam0a2200000 4500
001 265915
005 20231101233948.0
010 |a 9785222219843 
035 |a (RuTPU)RU\TPU\book\288917 
090 |a 265915 
100 |a 20140701d2014 m y0rusy50 ca 
101 0 |a rus 
102 |a RU 
105 |a a j 001zy 
200 1 |a Концепции современного естествознания: физические, химические и биологические концепции  |e учебное пособие  |f Е. Н. Френкель 
210 |a Ростов-на-Дону  |c Феникс  |d 2014 
215 |a 248 с.  |c ил. 
225 1 |a Библиотека студента 
320 |a Библиогр.: с. 233-234. 
330 |a Учебное пособие содержит описание основных концепций современного естествознания, причем основной акцент сделан на описание физических, химических и биологических концепций. Особое внимание уделяется проблемам практического использования естественнонаучных знаний, а также влиянию физических и химических факторов на здоровье человека. Учебное пособие составлено на основе курса лекций, разработанных доцентом кафедры химии, заслуженным работником высшей школы Российской Федерации Френкель Евгенией Николаевной. Пособие предназначено для студентов вузов гуманитарного профиля. 
606 1 |a Естествознание  |x Концептуальные основы  |2 stltpush  |3 (RuTPU)RU\TPU\subj\67376  |9 83201 
610 1 |a окружающий мир 
610 1 |a история 
610 1 |a материя 
610 1 |a структурные уровни 
610 1 |a нуклонный уровень 
610 1 |a законы Ньютона 
610 1 |a электрическое поле 
610 1 |a электромагнитное поле 
610 1 |a макросистемы 
610 1 |a статистические свойства 
610 1 |a термодинамические свойства 
610 1 |a биологический уровень 
610 1 |a учебные пособия 
675 |a 50(07)  |v 3 
700 1 |a Френкель  |b Е. Н.  |g Евгения Николаевна 
801 1 |a RU  |b 63413507  |c 20140701 
801 2 |a RU  |b 63413507  |c 20150630  |g RCR 
942 |c BK 
959 |a 113/20140701  |d 5  |e 231,00  |f ЧЗТЛ:1  |f АНЛ:1  |f УФ:3